เศรษฐศาสตร์เบื้องต้น / (ระเบียนเลขที่ 103585)
| 000 -LEADER | |
|---|---|
| fixed length control field | 00991 a2200229 4500 |
| 003 - CONTROL NUMBER IDENTIFIER | |
| control field | NALT |
| 005 - DATE AND TIME OF LATEST TRANSACTION | |
| control field | 20260128115930.0 |
| 008 - FIXED-LENGTH DATA ELEMENTS--GENERAL INFORMATION | |
| fixed length control field | 231006b th ||||| |||| 00| 0 tha d |
| 020 ## - INTERNATIONAL STANDARD BOOK NUMBER | |
| International Standard Book Number | 9786165980517 |
| 040 ## - CATALOGING SOURCE | |
| Original cataloging agency | NALT |
| 050 ## - LIBRARY OF CONGRESS CALL NUMBER | |
| Classification number | HB 180 |
| Item number | ก767ศ 2566 |
| 100 0# - MAIN ENTRY--PERSONAL NAME | |
| Personal name | เกรียงไกร เตชกานนท์ |
| 9 (RLIN) | 61778 |
| 245 10 - TITLE STATEMENT | |
| Title | เศรษฐศาสตร์เบื้องต้น / |
| Statement of responsibility, etc. | เกรียงไกร เตชกานนท์. |
| 250 ## - EDITION STATEMENT | |
| Edition statement | ฉบับพิมพ์ครั้งที่สอง. |
| 260 ## - PUBLICATION, DISTRIBUTION, ETC. | |
| Place of publication, distribution, etc. | ปทุมธานี : |
| Name of publisher, distributor, etc. | โรงพิมพ์มหาวิทยาลัยธรรมศาตร์, |
| Date of publication, distribution, etc. | 2566. |
| 300 ## - PHYSICAL DESCRIPTION | |
| Extent | 384 หน้า : |
| Other physical details | ภาพประกอบ ; |
| Dimensions | 26 ซม. |
| 650 #4 - SUBJECT ADDED ENTRY--TOPICAL TERM | |
| 9 (RLIN) | 3473 |
| Topical term or geographic name entry element | เศรษฐศาสตร์ |
| 850 ## - HOLDING INSTITUTION | |
| Holding institution | NALT |
| 942 ## - ADDED ENTRY ELEMENTS (KOHA) | |
| Source of classification or shelving scheme | Library of Congress Classification |
| Koha item type | General Book |
| 996 ## - STAFF PROCESSING RECORDS (NALT) | |
| Staff name | saiphon.d |
| Staff type | CATSTF |
| Acquisition or Cataloging date | 2023-10-06 |
| 998 ## - STAFF NAME (NALT) | |
| -- | 8 |
| -- | นายบัณฑิต อุทาวงค์ |
| Withdrawn status | Lost status | Source of classification or shelving scheme | Damaged status | Not for loan | Collection code | Home library | Current library | Shelving location | Date acquired | Source of acquisition | Total Checkouts | Total Renewals | Full call number | Barcode | Date last seen | Date last checked out | Price effective from | Koha item type |
|---|---|---|---|---|---|---|---|---|---|---|---|---|---|---|---|---|---|---|
| Library of Congress Classification | General Book collection | National Assembly Library of Thailand | National Assembly Library of Thailand | General Book shelves | 04/10/2023 | 192 | 2 | 1 | HB 180 ก767ศ 2566 | 3961223711 | 30/01/2026 | 28/01/2026 | 04/10/2023 | General Book |
